[Event "XXXIII Festival A"]
[Site "Arco ITA"]
[Date "2011.10.27"]
[Round "6"]
[White "Falasca, Valerio"]
[Black "De Polzer, Manfredi"]
[Result "1-0"]
[WhiteElo "1593"]
[BlackElo "1706"]
[PlyCount "93"]
[EventDate "2011.10.22"]

1. Nf3 c5 2. g3 b6 3. Bg2 Bb7 4. O-O Nf6 5. d3 d6 6. e4 e5 7. Bg5 Nbd7 8. c3
Be7 9. Nbd2 Qc7 10. Rc1 O-O-O 11. b4 h6 12. Bxf6 Bxf6 13. bxc5 Nxc5 14. Nb3 Kb8
15. Nxc5 dxc5 16. Qc2 g5 17. Rb1 g4 18. Nd2 Qd7 19. f3 h5 20. fxg4 Bg5 21. Nc4
Qxd3 22. Qxd3 Rxd3 23. Nxe5 Be3+ 24. Kh1 Rxc3 25. Nxf7 Rh7 26. gxh5 Rxh5 27.
Nd6 Ba6 28. Rf8+ Kc7 29. Ne8+ Kd7 30. Ng7 Re5 31. Rf7+ Re7 32. Bh3+ Kd8 33.
Ne6+ Ke8 34. Rf8+ Kd7 35. Nxc5+ Kd6 36. Nxa6 Ra3 37. Rd8+ Kc6 38. Nb4+ Kc7 39.
Rd3 Rxd3 40. Nxd3 Rxe4 41. Re1 Kd6 42. Kg2 Re7 43. Kf3 Rh7 44. Kxe3 Rxh3 45.
Re2 Rh5 46. Rd2 a5 47. Nf4+ 1-0

[Event "XXXIII Festival A"]
[Site "Arco ITA"]
[Date "2011.10.27"]
[Round "6"]
[White "Fusari, Paolo"]
[Black "Ebeling, Jens"]
[Result "1-0"]
[WhiteElo "1897"]
[BlackElo "2019"]
[PlyCount "77"]
[EventDate "2011.10.22"]

1. e4 c5 2. b4 cxb4 3. a3 d5 4. exd5 Qxd5 5. Nf3 e5 6. axb4 Bxb4 7. c3 Be7 8.
Na3 Nc6 9. Bc4 Qe4+ 10. Be2 Nh6 11. O-O O-O 12. Re1 Qg6 13. Nc4 Bf6 14. d4 exd4
15. cxd4 Rd8 16. Bb2 Bg4 17. Ra3 b5 18. Ne3 a6 19. Nxg4 Nxg4 20. Bd3 Qh5 21. h3
Nh6 22. Qc2 Nxd4 23. Bxd4 Bxd4 24. Nxd4 Rxd4 25. Bxh7+ Kh8 26. Be4 Re8 27. Rae3
Red8 28. Bf3 Qg5 29. Re8+ Ng8 30. R1e5 f5 31. Rxf5 Qg6 32. Rh5+ Qxh5 33. Bxh5
Rxe8 34. Bxe8 Rc4 35. Qe2 Nf6 36. Bg6 a5 37. Qf3 Rc8 38. Qb7 Rd8 39. Qxb5 1-0

[Event "XXXIII Festival A"]
[Site "Arco ITA"]
[Date "2011.10.27"]
[Round "6"]
[White "Galas, Franco"]
[Black "Bruno, Elio"]
[Result "1-0"]
[WhiteElo "1749"]
[BlackElo "1641"]
[PlyCount "65"]
[EventDate "2011.10.22"]

1. d4 Nf6 2. Nf3 g6 3. e3 Bg7 4. c3 d5 5. Bd3 O-O 6. Nbd2 Bg4 7. O-O Nbd7 8. h3
Be6 9. Re1 c5 10. b3 Qc7 11. Bb2 a6 12. Rc1 b5 13. Ng5 c4 14. Bc2 Qd6 15. e4
Qc6 16. e5 Ne8 17. Re2 Bh6 18. Ngf3 a5 19. Nh2 Qb6 20. Qf1 b4 21. f4 f5 22.
exf6 Rxf6 23. Rf2 Rc8 24. Ng4 Bxg4 25. hxg4 Bg7 26. g5 Rf7 27. f5 cxb3 28. Bxb3
Qd6 29. c4 Nc7 30. cxd5 Nb8 31. Ne4 Qd8 32. d6 exd6 33. fxg6 1-0

[Event "XXXIII Festival A"]
[Site "Arco ITA"]
[Date "2011.10.27"]
[Round "6"]
[White "Gardi, Giuseppe"]
[Black "Rivara, Massimo"]
[Result "1-0"]
[WhiteElo "2028"]
[BlackElo "1834"]
[PlyCount "115"]
[EventDate "2011.10.22"]

1. d4 Nf6 2. c4 e6 3. Nf3 b6 4. g3 Bb7 5. Bg2 d6 6. O-O Be7 7. Nc3 Ne4 8. Qc2
Nxc3 9. Qxc3 Nd7 10. Qc2 Nf6 11. Ne1 Bxg2 12. Nxg2 c5 13. dxc5 bxc5 14. Rd1 O-O
15. e4 Qc7 16. Bf4 Rfd8 17. Qe2 a5 18. e5 dxe5 19. Bxe5 Qc6 20. Rxd8+ Rxd8 21.
Ne3 Qe4 22. Bc3 a4 23. Rd1 h6 24. Rxd8+ Bxd8 25. a3 Qb1+ 26. Kg2 Ne4 27. Nd1
Bf6 28. Bxf6 Nxf6 29. Nc3 Qf5 30. Nxa4 Qg5 31. Nc3 Nh5 32. Qe3 Qg4 33. Qe4 Qg5
34. f4 Qd8 35. a4 Nf6 36. Qf3 Qb6 37. Qa8+ Kh7 38. Nb5 e5 39. f5 Nh5 40. a5 Qf6
41. Qe4 Qg5 42. Qxe5 Qd2+ 43. Kh3 Qxa5 44. Nc3 Qa1 45. Qe2 Nf6 46. Nd5 Qa6 47.
Nxf6+ Qxf6 48. Qf2 Qd6 49. Qf3 Qe5 50. b3 Kg8 51. Qa8+ Kh7 52. Qd5 f6 53. Qxe5
fxe5 54. g4 g6 55. Kg3 gxf5 56. gxf5 Kg7 57. Kf3 Kf6 58. Ke4 1-0

[Event "XXXIII Festival A"]
[Site "Arco ITA"]
[Date "2011.10.27"]
[Round "6"]
[White "Goli, Daniele"]
[Black "Astengo, Corrado"]
[Result "0-1"]
[WhiteElo "1941"]
[BlackElo "2095"]
[PlyCount "54"]
[EventDate "2011.10.22"]

1. d4 d5 2. c4 c6 3. Nc3 Nf6 4. Nf3 e6 5. Bg5 dxc4 6. g3 Nbd7 7. Bg2 Be7 8. O-O
O-O 9. Qc2 h6 10. Bd2 b5 11. Ne5 Nxe5 12. dxe5 Nd5 13. Ne4 Qc7 14. f4 Bb7 15.
Kh1 Rfd8 16. a3 c5 17. g4 Bf8 18. g5 h5 19. Bf3 Ne7 20. Nf6+ gxf6 21. Ba5 Bxf3+
22. Rxf3 Qxa5 23. gxf6 Nf5 24. Rg1+ Kh7 25. Rh3 Bh6 26. Qe4 Rg8 27. Rd1 Rad8
0-1

[Event "XXXIII Festival A"]
[Site "Arco ITA"]
[Date "2011.10.27"]
[Round "6"]
[White "Huss, Rolf"]
[Black "Hilbenz, Guntram"]
[Result "1/2-1/2"]
[WhiteElo "2163"]
[BlackElo "1924"]
[PlyCount "23"]
[EventDate "2011.10.22"]

1. d4 d6 2. Nf3 Nf6 3. c4 Nbd7 4. Nc3 e5 5. e4 Be7 6. Be2 O-O 7. O-O c6 8. Re1
a6 9. Bf1 b5 10. a3 Bb7 11. h3 Re8 12. Be3 1/2-1/2

[Event "XXXIII Festival A"]
[Site "Arco ITA"]
[Date "2011.10.27"]
[Round "6"]
[White "Iacchetti, Giovanni"]
[Black "Cordioli, Luca"]
[Result "1-0"]
[WhiteElo "1814"]
[BlackElo "1658"]
[PlyCount "39"]
[EventDate "2011.10.22"]

1. b3 c5 2. Bb2 Nc6 3. e3 d5 4. Nf3 Bg4 5. Bb5 Qb6 6. a4 a6 7. Bxc6+ Qxc6 8. h3
Bxf3 9. Qxf3 Nf6 10. O-O g6 11. Nc3 O-O-O 12. a5 Bg7 13. Na4 Rdf8 14. Be5 Rhg8
15. Nb6+ Kd8 16. Rad1 Ne4 17. Bxg7 Rxg7 18. Qf4 Nd6 19. Rfe1 e6 20. Qf6+ 1-0

[Event "XXXIII Festival A"]
[Site "Arco ITA"]
[Date "2011.10.27"]
[Round "6"]
[White "Kasparov, Sergey"]
[Black "Stella, Andrea"]
[Result "1/2-1/2"]
[WhiteElo "2521"]
[BlackElo "2447"]
[PlyCount "138"]
[EventDate "2011.10.22"]

1. e4 c5 2. Nf3 d6 3. d4 cxd4 4. Nxd4 Nf6 5. f3 e5 6. Nb3 d5 7. Bg5 Be6 8. Bxf6
gxf6 9. exd5 Qxd5 10. Qxd5 Bxd5 11. Nc3 Be6 12. O-O-O Nd7 13. Nb5 Ke7 14. Kb1
Bh6 15. Bd3 f5 16. Rhe1 Bg7 17. Nc7 Rac8 18. Nxe6 fxe6 19. g4 e4 20. Bb5 Ne5
21. gxf5 a6 22. Bf1 exf3 23. Nd4 Rhd8 24. c3 f2 25. Re2 Nc6 26. Nxc6+ Rxc6 27.
Rxd8 Kxd8 28. fxe6 Ke7 29. Rxf2 Rxe6 30. Bd3 h6 31. Kc2 Be5 32. Rg2 Rf6 33. Be4
b6 34. Bb7 a5 35. Kd3 Rf4 36. h3 Rh4 37. Bc8 Rf4 38. a3 b5 39. Rg6 Bf6 40. Bg4
b4 41. axb4 axb4 42. Rxh6 bxc3 43. bxc3 Ra4 44. Rh7+ Kf8 45. c4 Ra5 46. Rb7 Be7
47. Ke4 Rc5 48. Be6 Rh5 49. Bf5 Rh6 50. Ke5 Kf7 51. Bg4 Ke8 52. Rb8+ Kf7 53.
Rc8 Ra6 54. Bh5+ Kg7 55. Bf3 Rh6 56. Bg4 Ra6 57. Be6 Ra3 58. Rg8+ Kh7 59. Re8
Ra7 60. Bd5 Bb4 61. Rc8 Ba5 62. Kd6 Bb4+ 63. Kc6 Ra3 64. Kb5 Bd6 65. c5 Bh2 66.
Be6 Re3 67. Bd7 Kg7 68. c6 Rb3+ 69. Kc4 Rb8 1/2-1/2

[Event "XXXIII Festival A"]
[Site "Arco ITA"]
[Date "2011.10.27"]
[Round "6"]
[White "Kierzek, Matthias"]
[Black "Niccoli, Paolo"]
[Result "1-0"]
[WhiteElo "2152"]
[BlackElo "1943"]
[PlyCount "49"]
[EventDate "2011.10.22"]

1. d4 Nf6 2. c4 c5 3. d5 b5 4. Bg5 Ne4 5. Bf4 d6 6. f3 Qa5+ 7. Nd2 Nxd2 8. Bxd2
b4 9. a3 Qb6 10. axb4 cxb4 11. Qa4+ Bd7 12. Qxb4 Qxb4 13. Bxb4 g6 14. Bc3 f6
15. b4 Bg7 16. c5 Bb5 17. c6 O-O 18. e4 Bxf1 19. Kxf1 f5 20. Bxg7 Kxg7 21. Ne2
fxe4 22. Nd4 Rf6 23. b5 exf3 24. b6 fxg2+ 25. Kxg2 1-0

[Event "XXXIII Festival A"]
[Site "Arco ITA"]
[Date "2011.10.27"]
[Round "6"]
[White "Knors, Rudi"]
[Black "Vezzosi, Paolo"]
[Result "1/2-1/2"]
[WhiteElo "2125"]
[BlackElo "2351"]
[PlyCount "65"]
[EventDate "2011.10.22"]

1. d4 Nf6 2. c4 e6 3. Nf3 c5 4. g3 b6 5. Bg2 Bb7 6. dxc5 bxc5 7. O-O Be7 8. b3
O-O 9. Bb2 Qb6 10. Nbd2 Rd8 11. Qc2 Nc6 12. e3 d6 13. Bc3 a5 14. a3 Rab8 15.
Rab1 h6 16. h4 Qa6 17. Ne1 Ne5 18. Bxb7 Rxb7 19. Nd3 Nxd3 20. Qxd3 d5 21. Bxf6
Bxf6 22. Qc2 Be7 23. e4 Rbd7 24. exd5 exd5 25. cxd5 Rxd5 26. Nc4 Bf6 27. Rfe1
Qa8 28. Nb6 Qc6 29. Nxd5 Rxd5 30. Rbd1 Bd4 31. Qe4 Qd6 32. Kg2 g6 33. a4
1/2-1/2

[Event "XXXIII Festival A"]
[Site "Arco ITA"]
[Date "2011.10.27"]
[Round "6"]
[White "La Manna, Andrea"]
[Black "Valenti, Giuseppe"]
[Result "1-0"]
[WhiteElo "2189"]
[BlackElo "2136"]
[PlyCount "77"]
[EventDate "2011.10.22"]

1. d4 g6 2. c4 Bg7 3. Nc3 e6 4. e4 d6 5. Be3 Nd7 6. Bd3 Ne7 7. Nge2 b6 8. Qd2
h6 9. O-O Bb7 10. b4 a6 11. Rab1 Rb8 12. Rb3 c6 13. Rfb1 Kf8 14. c5 Qc7 15.
cxd6 Qxd6 16. e5 Qc7 17. Ne4 Nf5 18. Rc1 Kg8 19. a4 Kh7 20. f4 Rhf8 21. b5 axb5
22. axb5 c5 23. dxc5 Nxe3 24. Qxe3 Bxe4 25. cxb6 Qxb6 26. Qxb6 Nxb6 27. Bxe4
Rfd8 28. Rc7 Kg8 29. Ra3 Bf8 30. Raa7 Nc8 31. Rab7 Rxb7 32. Bxb7 Nb6 33. Nc3
Rd4 34. Ne4 Na4 35. Bc6 Kg7 36. Kf2 Nc5 37. Ke3 Rd3+ 38. Ke2 Rd8 39. Nf6 1-0

[Event "XXXIII Festival A"]
[Site "Arco ITA"]
[Date "2011.10.27"]
[Round "6"]
[White "Loi, Andrea"]
[Black "Salati, Paolo"]
[Result "1/2-1/2"]
[WhiteElo "1993"]
[BlackElo "1865"]
[PlyCount "83"]
[EventDate "2011.10.22"]

1. c4 Nf6 2. Nc3 b6 3. d4 Bb7 4. f3 e6 5. e4 Be7 6. Bd3 d6 7. Nge2 c5 8. d5 e5
9. Ng3 g6 10. O-O O-O 11. Bh6 Re8 12. Qd2 Nbd7 13. Nge2 Bf8 14. g4 Kh8 15. Bg5
Be7 16. Be3 Ng8 17. g5 Bc8 18. Ng3 Nf8 19. h4 Qd7 20. Kf2 h5 21. gxh6 Bxh4 22.
Rh1 Bxg3+ 23. Kxg3 Nh7 24. Rag1 Ne7 25. Kf2 Rg8 26. Ke1 Ba6 27. Bg5 f6 28. Be3
Raf8 29. b3 Bc8 30. Kd1 a6 31. Qh2 Qe8 32. Qh4 f5 33. Bg5 Rf7 34. f4 fxe4 35.
Bxe7 Rxf4 36. Qh2 Qxe7 37. Bxe4 Bg4+ 38. Kc1 Qf7 39. Rg2 Rf1+ 40. Kb2 Rxh1 41.
Qxh1 Bh5 42. Qg1 1/2-1/2

[Event "XXXIII Festival A"]
[Site "Arco ITA"]
[Date "2011.10.27"]
[Round "6"]
[White "Ludwig, Timm"]
[Black "Catalfamo, Santo"]
[Result "1/2-1/2"]
[WhiteElo "1700"]
[BlackElo "1915"]
[PlyCount "87"]
[EventDate "2011.10.22"]

1. d4 Nf6 2. c4 e6 3. Nc3 Be7 4. g3 d5 5. Bg2 c6 6. cxd5 exd5 7. Nf3 O-O 8. O-O
h6 9. Re1 Bf5 10. Bf4 Bd6 11. Qb3 Bxf4 12. gxf4 Qc7 13. e3 Nbd7 14. Rac1 Qb6
15. Qa3 Qd8 16. Ne2 Re8 17. Ng3 Be4 18. Nxe4 dxe4 19. Nd2 Ng4 20. Nxe4 Qh4 21.
Ng3 Qxh2+ 22. Kf1 Qh4 23. Qd3 Nh2+ 24. Kg1 Nf6 25. e4 Qxf4 26. Qe3 Qxe3 27.
Rxe3 Nhg4 28. Ree1 Nd7 29. Bh3 Ngf6 30. e5 Rad8 31. exf6 Rxe1+ 32. Rxe1 Nxf6
33. Rd1 Nd5 34. Bg2 Nf4 35. Bf1 Rd5 36. Bc4 Rg5 37. Re1 Kf8 38. Kf1 h5 39. Ne4
Rg4 40. Nd6 g5 41. Bxf7 Rh4 42. Re8+ Kg7 43. Rg8+ Kf6 44. Ke1 1/2-1/2

[Event "XXXIII Festival A"]
[Site "Arco ITA"]
[Date "2011.10.27"]
[Round "6"]
[White "Maddaloni, Giovanni"]
[Black "Lupini, Stefano"]
[Result "1/2-1/2"]
[WhiteElo "1774"]
[BlackElo "1921"]
[PlyCount "104"]
[EventDate "2011.10.22"]

1. e4 e5 2. Nf3 Nc6 3. Bb5 a6 4. Ba4 Nf6 5. O-O b5 6. Bb3 Bc5 7. c3 d6 8. d3 h6
9. a4 Rb8 10. axb5 axb5 11. Nbd2 O-O 12. Ba2 Bd7 13. b4 Bb6 14. Nb3 Re8 15. Be3
Bxe3 16. fxe3 Be6 17. Bb1 d5 18. Nc5 dxe4 19. Nxe6 Rxe6 20. dxe4 Rd6 21. Qb3
Qd7 22. Ba2 Nxe4 23. Nh4 Nd8 24. Nf3 Qe7 25. Rad1 Rbb6 26. Bb1 Nf6 27. Nh4 Rxd1
28. Rxd1 Rd6 29. Rf1 Qe6 30. Qc2 Qd7 31. Nf5 Rd2 32. Qc1 Kf8 33. Nd4 Rxd4 34.
exd4 exd4 35. cxd4 Qxd4+ 36. Kh1 Ne6 37. Bf5 Qxb4 38. Bxe6 fxe6 39. Qxc7 Qc4
40. Qxc4 bxc4 41. Rc1 Ke7 42. Rxc4 Kd6 43. Kg1 e5 44. h3 h5 45. Kf2 g5 46. Ra4
Kd5 47. Ke3 g4 48. Ra6 Ne8 49. Rh6 gxh3 50. gxh3 Ng7 51. Rf6 Ne6 52. h4 Nf4
1/2-1/2

[Event "XXXIII Festival A"]
[Site "Arco ITA"]
[Date "2011.10.27"]
[Round "6"]
[White "Mastroddi, Emiliano"]
[Black "Wagner, Frank"]
[Result "1/2-1/2"]
[WhiteElo "2097"]
[BlackElo "1910"]
[PlyCount "34"]
[EventDate "2011.10.22"]

1. c4 Nf6 2. g3 g6 3. Bg2 Bg7 4. Nc3 O-O 5. d4 c6 6. e4 d6 7. Nge2 Nbd7 8. O-O
Rb8 9. a4 a6 10. h3 c5 11. d5 Ne5 12. b3 Ne8 13. f4 Nd7 14. Bb2 b5 15. axb5
axb5 16. Qc2 bxc4 17. bxc4 Nb6 1/2-1/2

[Event "XXXIII Festival A"]
[Site "Arco ITA"]
[Date "2011.10.27"]
[Round "6"]
[White "Medancic, Rikard"]
[Black "Von Wantoch, Markus"]
[Result "1-0"]
[WhiteElo "2266"]
[BlackElo "1923"]
[PlyCount "47"]
[EventDate "2011.10.22"]

1. c4 Nf6 2. g3 e6 3. Bg2 c5 4. Nf3 Nc6 5. O-O Be7 6. Nc3 d5 7. cxd5 Nxd5 8. d4
cxd4 9. Nxd4 Nxd4 10. Nxd5 Nxe2+ 11. Qxe2 exd5 12. Qb5+ Qd7 13. Qxd5 Qxd5 14.
Bxd5 O-O 15. Be3 Bh3 16. Rfd1 Bf6 17. Rd2 Rad8 18. Bxa7 Be6 19. Rad1 Bxd5 20.
Rxd5 Rxd5 21. Rxd5 Ra8 22. Bd4 Rxa2 23. Bxf6 gxf6 24. Rb5 1-0

[Event "XXXIII Festival A"]
[Site "Arco ITA"]
[Date "2011.10.27"]
[Round "6"]
[White "Menon, Michele"]
[Black "Sukaylo, Aleksey"]
[Result "0-1"]
[WhiteElo "1776"]
[BlackElo "1884"]
[PlyCount "106"]
[EventDate "2011.10.22"]

1. Nf3 f5 2. e4 fxe4 3. Ng5 Nf6 4. d3 Nc6 5. Nxe4 d5 6. Nxf6+ exf6 7. Be2 Bc5
8. O-O O-O 9. Bf4 Be6 10. Nd2 Bd6 11. Bxd6 Qxd6 12. c3 d4 13. Ne4 Qe7 14. c4
Bf7 15. a3 Ne5 16. b4 Rae8 17. Ng3 Qd7 18. Bf3 Nxf3+ 19. Qxf3 b6 20. Qf4 Bg6
21. Rfd1 c5 22. b5 Re5 23. h4 Rfe8 24. a4 Qd6 25. Qd2 f5 26. Re1 f4 27. Rxe5
Qxe5 28. Nf1 Qe2 29. Rd1 Bh5 30. f3 Qxd2 31. Nxd2 Re3 32. Ne4 Bg6 33. Kf2 Bxe4
34. fxe4 Kf7 35. a5 Kf6 36. Rd2 Ke5 37. axb6 axb6 38. Rd1 g6 39. Kg1 h6 40. Kh2
g5 41. hxg5 hxg5 42. Kg1 g4 43. Kf2 f3 44. gxf3 Rxf3+ 45. Kg2 Kf4 46. Rf1 Ke3
47. Rxf3+ gxf3+ 48. Kf1 Kxd3 49. e5 Kc2 50. e6 d3 51. e7 d2 52. e8=Q d1=Q+ 53.
Kf2 Qe2+ 0-1

[Event "XXXIII Festival A"]
[Site "Arco ITA"]
[Date "2011.10.27"]
[Round "6"]
[White "Mercandelli, Claudio"]
[Black "Billio, Atto"]
[Result "1-0"]
[WhiteElo "1907"]
[BlackElo "2071"]
[PlyCount "83"]
[EventDate "2011.10.22"]

1. Nf3 e6 2. c4 f5 3. g3 Nf6 4. Bg2 Be7 5. O-O O-O 6. Nc3 d6 7. d3 Qe8 8. e4
fxe4 9. Nxe4 Nxe4 10. dxe4 e5 11. c5 Kh8 12. cxd6 Bxd6 13. Qb3 Qh5 14. Nh4 Bc5
15. Be3 Bxe3 16. Qxe3 Nc6 17. Rac1 Be6 18. b4 Rac8 19. a3 Nd4 20. f3 b6 21. Nf5
Bxf5 22. exf5 Rxf5 23. Qe4 Rff8 24. Rc3 Qf5 25. Qxf5 Rxf5 26. Re1 c5 27. f4 Nb5
28. Rcc1 Rff8 29. Bh3 Rc7 30. Rxe5 Nd4 31. Kf2 g5 32. Rxg5 Re7 33. Bg4 cxb4 34.
axb4 a5 35. bxa5 bxa5 36. Rd5 Nb3 37. Rc2 a4 38. Ra2 Ra8 39. Rd7 Ree8 40. Rc7
Red8 41. Be2 a3 42. Rcc2 1-0

[Event "XXXIII Festival A"]
[Site "Arco ITA"]
[Date "2011.10.27"]
[Round "6"]
[White "Milazzo, Mario"]
[Black "Morselli, Stefano"]
[Result "1-0"]
[WhiteElo "2077"]
[BlackElo "1909"]
[PlyCount "71"]
[EventDate "2011.10.22"]

1. c4 e5 2. Nc3 c6 3. Nf3 d6 4. d4 exd4 5. Qxd4 Nf6 6. Bf4 Be6 7. e4 Qb6 8.
Qxb6 axb6 9. O-O-O Na6 10. Bxd6 Bxd6 11. Rxd6 Ke7 12. Rd2 Nc5 13. Ng5 Bd7 14.
Bd3 b5 15. cxb5 cxb5 16. e5 Ng4 17. Nd5+ Kf8 18. Nb6 Nxd3+ 19. Rxd3 Bf5 20.
Nxa8 Ke7 21. Rf3 Rc8+ 22. Kd1 Bc2+ 23. Kd2 Bg6 24. Rc1 Rd8+ 25. Ke2 Rxa8 26.
Rc7+ Kd8 27. Rxb7 Nxe5 28. Re3 Nc6 29. Nxf7+ Bxf7 30. Rxf7 Rxa2 31. Rxg7 Rxb2+
32. Kf3 Nd4+ 33. Ke4 Ne6 34. Rg8+ Kd7 35. f3 Rd2 36. Rd3+ 1-0

[Event "XXXIII Festival A"]
[Site "Arco ITA"]
[Date "2011.10.27"]
[Round "6"]
[White "Mircoli, Filippo"]
[Black "Borries, Barbara"]
[Result "0-1"]
[WhiteElo "1747"]
[BlackElo "1901"]
[PlyCount "86"]
[EventDate "2011.10.22"]

1. e4 e5 2. Nf3 Nc6 3. Bb5 a6 4. Ba4 Nf6 5. O-O Be7 6. Re1 b5 7. Bb3 d6 8. h3
O-O 9. c3 Na5 10. Bc2 c5 11. d4 cxd4 12. cxd4 exd4 13. Nxd4 g6 14. Bh6 Re8 15.
Nd2 Qb6 16. N2f3 Nh5 17. Be3 Qb7 18. Nb3 Nc4 19. Bd4 Bf8 20. Nbd2 Ne5 21. Ng5
h6 22. Ngf3 Bg7 23. a3 Bd7 24. Rc1 Rac8 25. Bc3 Be6 26. Nd4 Nf4 27. Ne2 Nfd3
28. f4 Nxc1 29. Qxc1 Nc4 30. f5 gxf5 31. exf5 Ne3 32. Be4 Bd5 33. Ng3 Qb6 34.
Kh1 Be5 35. Bxd5 Nxd5 36. Nde4 Nxc3 37. Qxh6 Bg7 38. Nf6+ Bxf6 39. Rxe8+ Rxe8
40. Qxf6 Re1+ 41. Nf1 Rxf1+ 42. Kh2 Qg1+ 43. Kg3 Ne4+ 0-1

[Event "XXXIII Festival A"]
[Site "Arco ITA"]
[Date "2011.10.27"]
[Round "6"]
[White "Molina, Fabrizio"]
[Black "Romanishin, Oleg M."]
[Result "0-1"]
[WhiteElo "2258"]
[BlackElo "2537"]
[PlyCount "136"]
[EventDate "2011.10.22"]

1. Nf3 Nf6 2. c4 e6 3. g3 a6 4. Nc3 d5 5. cxd5 exd5 6. Bg2 h6 7. O-O Nc6 8. d4
Bd6 9. Ne5 Nxe5 10. dxe5 Bxe5 11. Nxd5 Nxd5 12. Bxd5 c6 13. Bg2 O-O 14. Qc2 Qf6
15. Rb1 Re8 16. b3 Bg4 17. Ba3 Rad8 18. Rbc1 Qe6 19. Rfe1 Bd6 20. Bb2 Bb4 21.
Bc3 Bxc3 22. Qxc3 Rd7 23. Qb4 Red8 24. a4 Bh3 25. Bxh3 Qxh3 26. Qe4 Rd5 27. Rc3
Rd1 28. Rc1 R1d4 29. Qf3 Qe6 30. Kg2 R8d5 31. Rc3 Rf5 32. Qe3 Qd5+ 33. Kg1 Re5
34. Qf3 Rd1 35. Kf1 Rxe2 36. Rxd1 Qxd1+ 37. Kg2 Re1 38. Rd3 Rg1+ 39. Kh3 Qxf3
40. Rxf3 Rd1 41. Re3 Kf8 42. Kg2 f6 43. h4 h5 44. Kf3 Rd4 45. Ke2 Kf7 46. Kf3
Rd2 47. Kg2 Rd5 48. Kf1 a5 49. Kg2 Re5 50. Rd3 Ke7 51. Kf3 Rf5+ 52. Kg2 Rd5 53.
Re3+ Kd7 54. Kf1 b5 55. axb5 cxb5 56. Rc3 Re5 57. Rd3+ Kc6 58. Rc3+ Rc5 59. Re3
a4 60. bxa4 bxa4 61. Ra3 Kb5 62. Ra1 Rc3 63. Ke2 a3 64. Rb1+ Kc4 65. Rb7 a2 66.
Rc7+ Kb3 67. Rb7+ Kc2 68. Ra7 Kb2 0-1

[Event "XXXIII Festival A"]
[Site "Arco ITA"]
[Date "2011.10.27"]
[Round "6"]
[White "Mombelli, Antonio"]
[Black "Pieri, Enzo"]
[Result "1-0"]
[WhiteElo "1836"]
[BlackElo "1729"]
[PlyCount "73"]
[EventDate "2011.10.22"]

1. e4 c6 2. d4 d5 3. exd5 cxd5 4. c4 Nf6 5. Nc3 a6 6. h3 dxc4 7. Bxc4 b5 8. Bb3
e6 9. Nf3 Bb7 10. O-O Be7 11. Be3 O-O 12. Rc1 Nd5 13. Bc2 Nd7 14. Qe2 N7f6 15.
Ne5 Rc8 16. Bb1 Nxc3 17. bxc3 Be4 18. c4 Ba3 19. Rc3 b4 20. Rb3 Bxb1 21. Rfxb1
Ne4 22. Qc2 Nd6 23. c5 Nb5 24. Rd1 a5 25. Rdd3 a4 26. Rb1 Nc3 27. Rxc3 bxc3 28.
Qxc3 Bxc5 29. dxc5 Qd5 30. Nc4 Rb8 31. Rc1 Rfd8 32. Qc2 Rb4 33. a3 Rb3 34. Nb6
Qc6 35. Nc4 Qc7 36. Nd6 Rxa3 37. Nb5 1-0

[Event "XXXIII Festival A"]
[Site "Arco ITA"]
[Date "2011.10.27"]
[Round "6"]
[White "Negro, Raffaele"]
[Black "Dalponte, Dino"]
[Result "0-1"]
[WhiteElo "1915"]
[BlackElo "2078"]
[PlyCount "95"]
[EventDate "2011.10.22"]

1. d4 d5 2. Nf3 c6 3. e3 Bg4 4. c4 e6 5. Nbd2 Bxf3 6. Qxf3 f5 7. Bd3 Nf6 8. O-O
Bd6 9. cxd5 cxd5 10. b3 O-O 11. Qh3 Qc7 12. Bb2 Ne4 13. Nf3 Rf6 14. g3 Rh6 15.
Qg2 Nd7 16. Rfc1 Qd8 17. Ne5 Ng5 18. h4 Ne4 19. Rc2 Be7 20. Rac1 Bd6 21. Bxe4
fxe4 22. Qh3 Rf6 23. Qg4 Nb6 24. a4 Rc8 25. a5 Rxc2 26. Rxc2 Nc8 27. Qd1 Ne7
28. a6 bxa6 29. Nc6 Qb6 30. Nxe7+ Bxe7 31. g4 Rf8 32. Rc1 Bxh4 33. Ba3 Bxf2+
34. Kg2 Bxe3 35. Rc2 Qxd4 36. Qxd4 Bxd4 37. Bxf8 Kxf8 38. Rc6 Ke7 39. Rxa6 Bb6
40. Ra1 Kf6 41. Rf1+ Kg5 42. Kg3 Bc7+ 43. Kh3 Bf4 44. Ra1 Be3 45. b4 Bd2 46. b5
e3 47. Kg3 e2 48. Kg2 0-1

[Event "XXXIII Festival A"]
[Site "Arco ITA"]
[Date "2011.10.27"]
[Round "6"]
[White "Panjkovic, Aleksandar"]
[Black "Battistella, Stefano"]
[Result "1/2-1/2"]
[WhiteElo "2187"]
[BlackElo "2081"]
[PlyCount "30"]
[EventDate "2011.10.22"]

1. c4 Nf6 2. g3 c6 3. Bg2 d5 4. Nf3 Bg4 5. Ne5 Be6 6. cxd5 Bxd5 7. Nf3 c5 8.
Nc3 Bc6 9. O-O e6 10. d3 Be7 11. Bf4 O-O 12. Qb3 a6 13. a4 Nd5 14. Nxd5 Bxd5
15. Qc2 Nc6 1/2-1/2

[Event "XXXIII Festival A"]
[Site "Arco ITA"]
[Date "2011.10.27"]
[Round "6"]
[White "Papa, Angelo"]
[Black "Nanni, Sergio"]
[Result "0-1"]
[WhiteElo "1848"]
[BlackElo "1688"]
[PlyCount "78"]
[EventDate "2011.10.22"]

1. d4 Nf6 2. c4 c5 3. d5 d6 4. Nc3 g6 5. e4 Bg7 6. h3 O-O 7. Nf3 Re8 8. Bd3 Na6
9. O-O Nc7 10. Bf4 a6 11. a4 Bd7 12. Qd2 e5 13. Bg5 Rb8 14. Qe2 Qc8 15. Kh2 Nh5
16. Ng1 Nf4 17. Qe3 Nxd3 18. Qxd3 b5 19. axb5 axb5 20. b3 bxc4 21. bxc4 f5 22.
f3 Na6 23. Bd2 Nb4 24. Qe2 Nc2 25. Ra2 Nd4 26. Qd3 Qd8 27. Rfa1 f4 28. Nge2 g5
29. Nxd4 exd4 30. Nb5 Be5 31. Ra6 Bc8 32. Ra7 h5 33. Ba5 Qf6 34. Bc7 Rb7 35.
Ra8 g4 36. Rg1 gxf3 37. gxf3+ Kh8 38. Ba5 Qh4 39. Be1 Qxh3# 0-1

[Event "XXXIII Festival A"]
[Site "Arco ITA"]
[Date "2011.10.27"]
[Round "6"]
[White "Pedrotti, Luciano"]
[Black "Burani, Eugenio"]
[Result "0-1"]
[WhiteElo "1801"]
[BlackElo "1932"]
[PlyCount "96"]
[EventDate "2011.10.22"]

1. e4 c5 2. Nf3 Nf6 3. e5 Nd5 4. Be2 d6 5. O-O Nc6 6. exd6 e5 7. Nc3 Nxc3 8.
dxc3 Bxd6 9. Ng5 Be7 10. Qxd8+ Nxd8 11. Bb5+ Bd7 12. Bxd7+ Kxd7 13. Rd1+ Kc6
14. Ne4 Ne6 15. b3 Rhd8 16. Ba3 f5 17. Ng3 g6 18. Ne2 b5 19. Kf1 Bf6 20. Rab1
Ng5 21. f3 e4 22. f4 Ne6 23. Ke1 Nc7 24. Rxd8 Rxd8 25. Rd1 Rxd1+ 26. Kxd1 Nd5
27. Kd2 a5 28. Bc1 h6 29. a3 g5 30. g3 gxf4 31. gxf4 Bg7 32. c4 bxc4 33. bxc4
Nb6 34. Ng3 Nxc4+ 35. Ke2 Nd6 36. Bd2 a4 37. Bc1 Kd5 38. Nf1 Bd4 39. Nd2 c4 40.
Nb1 c3 41. Be3 Bxe3 42. Nxc3+ Kc4 43. Nxa4 Bxf4 44. h3 Bc1 45. Nb6+ Kb5 46. Nd5
Bxa3 47. Ke3 Kc5 48. Ne7 Bc1+ 0-1

[Event "XXXIII Festival A"]
[Site "Arco ITA"]
[Date "2011.10.27"]
[Round "6"]
[White "Perich, Stefano"]
[Black "De Sio, Francesco"]
[Result "1-0"]
[WhiteElo "1931"]
[BlackElo "1811"]
[PlyCount "67"]
[EventDate "2011.10.22"]

1. f4 e5 2. fxe5 d6 3. Nf3 Nc6 4. e4 Nxe5 5. d4 Nxf3+ 6. Qxf3 Qh4+ 7. g3 Qf6 8.
Qxf6 Nxf6 9. Bg2 h6 10. Nc3 c6 11. Bd2 Be7 12. O-O-O O-O 13. h3 Nh7 14. Rdf1
Bg5 15. Bf4 Bd7 16. Kb1 Bxf4 17. gxf4 Rfe8 18. Bf3 Re7 19. Rfg1 Rae8 20. Rg3
Nf6 21. Rhg1 g6 22. f5 g5 23. h4 Nh7 24. f6 Nxf6 25. hxg5 Nh7 26. gxh6+ Kh8 27.
Kc1 f6 28. Ne2 Ng5 29. Bh5 Nxe4 30. Rg7 Rxg7 31. hxg7+ Kg8 32. Bxe8 Bxe8 33.
Ng3 d5 34. Nf5 1-0

[Event "XXXIII Festival A"]
[Site "Arco ITA"]
[Date "2011.10.27"]
[Round "6"]
[White "Pipitone, Antonio"]
[Black "Giaracuni, Claudio"]
[Result "1-0"]
[WhiteElo "1971"]
[BlackElo "1830"]
[PlyCount "53"]
[EventDate "2011.10.22"]

1. e4 c5 2. Nf3 Nc6 3. d4 cxd4 4. Nxd4 Nf6 5. Nc3 d6 6. Be2 g6 7. Be3 Bg7 8. h3
O-O 9. O-O d5 10. Nxc6 bxc6 11. e5 Nd7 12. f4 f6 13. Nxd5 fxe5 14. Bc4 Kh8 15.
Nb4 exf4 16. Nxc6 Qc7 17. Bf2 Ne5 18. Nxe5 Bxe5 19. Re1 Bxb2 20. Bd4+ Bxd4+ 21.
Qxd4+ e5 22. Rxe5 Qg7 23. Rb1 h5 24. Bd5 Rd8 25. Qxf4 Bf5 26. Bxa8 Bxc2 27. Rc1
1-0